000
00339nam a2200145Ia 4500
008
191201s2008 xx 000 0 und d
082
_a
005.133
_b
GUC
100
_a
GUELICH, Scott
245
0
_a
CGI Programming with Perl
250
_a
6th Rep
260
_a
N.Delhi
_b
SPD
_c
2008
300
_a
451
650
_a
B.Tech(CSE)
942
_2
ddc
_c
BK
999
_c
4614
_d
4614